La partitocracia.

Guardat en:
Dades bibliogràfiques
Autor principal: Fernández de la Mora, Gonzalo (autor)
Format: Llibre
Idioma:espanyol
Publicat: Santiago, Chile: Instituto de Estudios Políticos, 1977.
Col·lecció:Colección Pensamiento político.
Matèries:
Etiquetes: Afegir etiqueta
Sense etiquetes, Sigues el primer a etiquetar aquest registre!

MARC

LEADER 00000nam a2200000 a 4500
001 UCR4403
003 CL-VaPUC
005 20220822114646.0
008 980307t19770000CL |||||||||||||||||spa|d
999 |c 437246  |d 437244 
020 |a 84-259-0594-X 
040 |c Pontificia Universidad Católica de Valparaíso 
082 0 4 |a 324.2 FER 1977  |2 22 
100 |a Fernández de la Mora, Gonzalo  |e autor  |9 376896 
245 1 3 |a La partitocracia.  
260 |a Santiago, Chile:   |b Instituto de Estudios Políticos,   |c 1977. 
300 |a 307 páginas.  
490 0 |a Colección Pensamiento político. 
500 |a c.1 Donación Familia Prof. Alejandro Guzmán Brito. 
583 |a last modification  |c 19980307 00:00:00  |k Yessy Sthefany Diaz Vidal 
650 0 |a Partidos políticos  |9 254999 
650 0 |a Gobierno representativo   |9 258886  |x Teoría 
942 |c BK  |2 ddc  |n 0 
952 |0 0  |1 0  |2 ddc  |4 0  |6 324_200000000000000_FER_1977  |7 0  |8 C_AGB  |9 585004  |a BIBDER  |b BIBDER  |d 2022-07-19  |e Donación   |i 5652878  |o 324.2 FER 1977  |p 5652878  |r 2023-01-25  |t 1  |w 2022-07-19  |y BK_US  |k AGB